Biblioteca

Pequeños libros búho / Gordon Stowell (Registro nro. 47526)

Detalles MARC
000 -LÍDER
Campo fijo de descripción fija 006390000a22001810004500
001 - NÚMERO DE CONTROL
Campo de control 280
003 - IDENTIFICADOR DEL NÚMERO DE CONTROL
Campo de control CO-MdFUSB
005 - FECHA Y HORA DE LA ULTIMA TRANSACCIÓN
control field 20180815134753.0
008 - ELEMENTOS DE LONGITUD FIJA -- INFORMACIÓN GENERAL
Campo fijo de descripción fija -- Información general 180815b xxu||||| |||| 00| 0 eng d
040 ## - FUENTE DE CATALOGACIÓN
Agencia que realiza la transcripción CO-MdBIC
082 04 - NÚMERO DE CLASIFICACIÓN DECIMAL DEWEY
Número de clasificación 868HC St79
100 1# - ASIENTO PRINCIPAL--NOMBRE PERSONAL
Nombre personal Stowell, Gordon
245 10 - TÍTULO
Título del Material Pequeños libros búho / Gordon Stowell
260 ## - PUBLICACIÓN, DISTRIBUCIÓN, ETC. (PIE DE IMPRENTA)
Lugar de publicación, distribución, etc. Buenos aires : Mundo Hispano
505 00 - NOTA DE CONTENIDO
Nota de contenido con formato preestablecido Ejemplar 1 : Dios me hizo Ejemplar 2 : Dios sabe Ejemplar 3 : Que lindo Ejemplar 4 : Dios nos ama a todos Ejemplar 5 : Dios me cuida Ejemplar 6 : Me gusta Ejemplar 7 : Gracias Dios Ejemplar 8 : Te pido Dios
650 14 - ASIENTO SECUNDARIO DE MATERIA - TERMINO TEMÁTICO
Término temático o nombre geográfico como elemento de entrada Literatura infantil
942 ## - TIPO DE MATERIAL (KOHA)
Tipo de Item KOHA Z- Libro General BINCO
Existencias
Estado de Material Estado de Perdido Forma de Clasificación Volumen-Parte/Tomo Estado de Dañado No para Préstamo Tomo Biblioteca de Origen Biblioteca Permanente Fecha de Adquisición Total de Préstamos Signatura Topográfica Código de Barras Última vez visto Ejemplar/Existencia Fecha de Remplazo Tipo de Material
    Dewey Decimal Classification 4       Biblioteca Infantil Comunitaria BINCO Biblioteca Infantil Comunitaria BINCO 03/07/2006   868HC St79a B30216 24/11/2016 5 26/01/2016 Z- Libro General BINCO
    Dewey Decimal Classification 8       Biblioteca Infantil Comunitaria BINCO Biblioteca Infantil Comunitaria BINCO 03/07/2006   868HC St79p B30778 24/11/2016 8 26/01/2016 Z- Libro General BINCO
    Dewey Decimal Classification 6       Biblioteca Infantil Comunitaria BINCO Biblioteca Infantil Comunitaria BINCO 03/07/2006   868HC St79g B30512 24/11/2016 6 26/01/2016 Z- Libro General BINCO
    Dewey Decimal Classification 5       Biblioteca Infantil Comunitaria BINCO Biblioteca Infantil Comunitaria BINCO 03/07/2006   868HC St79c B30390 24/11/2016 1 26/01/2016 Z- Libro General BINCO

Biblioteca FUSBC | Teléfono: (57+4) 349 88 10 Ext. 141| WhatsApp (+57) 3005338115 
E-mail: biblioteca@unisbc.edu.co | Calle 76 87-14 Robledo Palenque, Medellín, Colombia

Con tecnología Koha